| 000 | 00523nam a22001697a 4500 | ||
|---|---|---|---|
| 003 | BD-DhUL | ||
| 005 | 20210908093808.0 | ||
| 008 | 190101s1371 ii ||||| |||| 00| 0 urd d | ||
| 040 |
_aBD-DhUL _cBD-DhUL |
||
| 082 |
_a891.431 _bSHS |
||
| 100 | 0 | _aشاد عظیم آبادی | |
| 245 | 1 | 0 |
_aشھیدان رضا یعنی مراثی شاد : _cشاد عظیم آبادی _bجلد ۲ / |
| 260 |
_aپٹنہ : _bبزم شاد، _c۔۱۳۷۱ |
||
| 300 |
_aجلد ۲ ؛ _c۲۲ سم۔ |
||
| 650 | 4 | _aUrdu poetry | |
| 942 |
_2ddc _cBK |
||
| 999 |
_c245517 _d245517 |
||